| 000 | 01925nam0a2200373 4500 | ||
|---|---|---|---|
| 001 | RU\NLR\bibl\804403 | ||
| 005 | 20250614130555.0 | ||
| 010 |
_a5-93312-206-8 _95000 |
||
| 021 |
_aRU _b2004-48795 _92404 |
||
| 035 | _aRSL-KNO-002459087 | ||
| 035 | _a(NLR Aleph) 000793547 | ||
| 090 |
_a1136758 _c1136758 |
||
| 100 | _a20040817d2004 |||y0rusy50 ca | ||
| 101 | 0 | _arus | |
| 102 | _aRU | ||
| 105 | _ay ||||||||| | ||
| 106 | _ar | ||
| 200 | 1 |
_aОлимпиады по литературе _e10 кл. _fИ.К. Мартемьянова |
|
| 210 |
_aВолгоград _cУчитель-АСТ _d2004 |
||
| 215 |
_a112 с. _d20 |
||
| 320 | _aБиблиогр.: с. 112 (17 назв.) | ||
| 606 | 0 |
_aОлимпиады школьные по литературе _91803778 _3RU\NLR\auth\66812932 |
|
| 606 | 0 |
_aРусский язык _xОлимпиады школьные _92264802 _3RU\NLR\auth\661357728 |
|
| 610 | 0 | _aКультура. Наука. Просвещение -- Народное образование. Педагогические науки -- Общеобразовательная школа. Школьная педагогика -- Российская Федерация -- Методика преподавания отдельных учебных предметов -- Литература -- Воспитание -- Внеучебная работа -- Методы, формы и средства внеучебной работы -- Олимпиады, смотры, фестивали, конкурсы, соревнования | |
| 686 |
_aЧ426.21,6(2)-382.61,0 _2rubbk |
||
| 686 | _aЧ426.21-382.61 | ||
| 700 | 1 |
_aМартемьянова _bИ. К. _gИрина Константиновна _4070 |
|
| 801 | 0 |
_aRU _bRuMoRKP _c20040817 _grcr |
|
| 801 | 1 |
_aRU _bRuMoRGB _c20040817 |
|
| 801 | 2 |
_aRU _bNLR _c20050530 _gPSBO |
|
| 830 | _aАвт. по кн. | ||
| 942 | _cBOOK | ||
| 980 | _aNB | ||